1363 1917 1542 1634 1398 1064 1705 1009 1887 1894 1470 1521 1846 1251 1926 1901 1478 1107 1801 1811 1468 1211 1215 1340 1862 1056 1305 1462 1248 1000 1724 1462 1718 1221 1311 1717 1908 1953 1148 1226 1526 1343 1860 1983 1518 1281 1884 1444 1312 1118 1698 1402 1763 1729 1647 1922 1237 1004 1069 1204 1971 1830 1229 1454 1940 1165 1407 1243 1923 1080 1928 1742 1266 1261 1734 1923 1952 1558 1027 1723 1585 1605 1456 1161 1822 1948 1244 1915 1436 1846 1642 1875 1522 1775 1444 1516 1385 1020 1970 BCNSPRNW ULIB Ver.6.0+V

เปลี่ยนเป็นภาษาไทย

Change to English
 แสดงรายละเอียดบรรณานุกรม
  กลับหน้าหลัก

Brief Record : Get Marc (ISO 2709) : E-mail record : QR code < ปิดหน้าต่าง
LEADER : 00000nam 2200000uu 4500
001    13399113885
003     ULIB
008    110320s||||||||th 000 0 tha d
099    วจ.WY18.8^bร157ป
100 0  รวมพร มินานนท์
245 00 ปัจจัยที่มีต่อผลสัมฤทธิ์ของการจัดการเรียนการสอนภาคทฤษฎีและภาคปฏิบัติในรายวิชาหลักการและเทคนิคการพยาบาล วิทยาลัยพยาบาลราชชนนี เชียงใหม่/^cรวมพร มินานนท์,จินตนา พรสัมฤทธิ์โชค,จิราพัชร์ ปัญญาดี,อัญพัชญ์ วิวัฒกมลชัย และ ชญาณิศา เขมทัศ
260    เชียงใหม่ :^bวิทยาลัยพยาบาลบรมราชชนนี เชียงใหม่,^c2554
300    55 หน้า :^bตาราง
500    รายงานการวิจัย
650  7 การเรียนการสอน^xวิจัย
650  7 หลักการและเทคนิคการพยาบาล^xวิจัย
700 02 จินตนา พรสัมฤทธิ์โชค
700 02 จิราพัชร์ ปัญญาดี
700 02 อัญพัชญ์ วิวัฒกมลชัย
700 02 ชญาณิศา เขมทัศน์
710 2  วิทยาลัยพยาบาลบรมราชชนนี. ^bเชียงใหม่
945    ^p0^l0^i030945
945    ^p0^l0^i030946
995    ทศพร
999 ^a ใช้งานได้ทุกระบบ
รายการนี้ยังไม่มีแท็ก
คุณยังไม่ได้ล็อกอิน คุณสามารถมีกิจกรรมร่วมกับเว็บไซต์ได้ แต่ต้องล็อกอินก่อน ::
  ล็อกอิน

รายการสื่อสารสนเทศ

ลำดับที่ ประเภท เลขเรียก/บาร์โค้ด สถานที่ สถานะ
1. งานวิจัย
งานวิจัย
วจ.WY18.8 ร157ป ฉ.1 
  Barcode: 030945
ห้องสมุดวิทยาเขตสวรรค์ประชารักษ์
►วิจัย
บนชั้น
2. งานวิจัย
งานวิจัย
วจ.WY18.8 ร157ป ฉ.2 
  Barcode: 030946
ห้องสมุดวิทยาเขตสวรรค์ประชารักษ์
►วิจัย
บนชั้น

รายการใกล้เคียง
    ผู้แต่ง [รวมพร มินานนท์]

BibComment


ยังไม่เคยถูกคอมเมนท์

คอมเมนท์ทรัพยากรรายการนี้
  คอมเมนท์: ปัจจัยที่มีต่อผลส..


 Copyright 2026. Bcnsprnw @Library